The world view of physics. (Record no. 121642)
[ view plain ]
| 000 -LEADER | |
|---|---|
| fixed length control field | 00955cam a22003131 4500 |
| 001 - CONTROL NUMBER | |
| control field | 8845299 |
| 003 - CONTROL NUMBER IDENTIFIER | |
| control field | ARRUPE |
| 005 - DATE AND TIME OF LATEST TRANSACTION | |
| control field | 20150114115213.0 |
| 008 - FIXED-LENGTH DATA ELEMENTS--GENERAL INFORMATION | |
| fixed length control field | 770706s1952 enk 001 0 eng |
| 010 ## - LIBRARY OF CONGRESS CONTROL NUMBER | |
| LC control number | 52039306 |
| 015 ## - NATIONAL BIBLIOGRAPHY NUMBER | |
| National bibliography number | GB52-3390 |
| 035 ## - SYSTEM CONTROL NUMBER | |
| System control number | (OCoLC)3097301 |
| 040 ## - CATALOGING SOURCE | |
| Original cataloging agency | DLC |
| Transcribing agency | CoDU |
| Modifying agency | OCoLC |
| -- | Uk |
| -- | DLC |
| 041 1# - LANGUAGE CODE | |
| Language code of text/sound track or separate title | eng |
| Language code of original and/or intermediate translations of text | ger |
| 042 ## - AUTHENTICATION CODE | |
| Authentication code | premarc |
| 050 00 - LIBRARY OF CONGRESS CALL NUMBER | |
| Classification number | QC6 |
| Item number | .W519 1952a |
| 082 ## - DEWEY DECIMAL CLASSIFICATION NUMBER | |
| Classification number | 530.1 |
| 300 ## - PHYSICAL DESCRIPTION | |
| Dimensions | 22 cm. |
| 100 1# - MAIN ENTRY--PERSONAL NAME | |
| Personal name | Weizsäcker, Carl Friedrich, |
| Titles and other words associated with a name | Freiherr von, |
| Dates associated with a name | 1912-2007. |
| 9 (RLIN) | 13875 |
| 240 10 - UNIFORM TITLE | |
| Uniform title | <a href="Zum Weltbild der Physik.">Zum Weltbild der Physik.</a> |
| Language of a work | English |
| 245 14 - TITLE STATEMENT | |
| Title | The world view of physics. |
| Statement of responsibility, etc | Translated by Marjorie Grene. |
| 260 ## - PUBLICATION, DISTRIBUTION, ETC. (IMPRINT) | |
| Place of publication, distribution, etc | London, |
| Name of publisher, distributor, etc | Routledge and K. Paul |
| Date of publication, distribution, etc | [1952] |
| 300 ## - PHYSICAL DESCRIPTION | |
| Extent | 219 p. |
| 500 ## - GENERAL NOTE | |
| General note | Includes index. |
| 500 ## - GENERAL NOTE | |
| General note | Translation of 'Zum Weltbild der Physik.' |
| 650 #0 - SUBJECT ADDED ENTRY--TOPICAL TERM | |
| Topical term or geographic name as entry element | Physics |
| General subdivision | Philosophy. |
| 9 (RLIN) | 13876 |
| 650 #0 - SUBJECT ADDED ENTRY--TOPICAL TERM | |
| Topical term or geographic name as entry element | Cosmology. |
| 9 (RLIN) | 13877 |
| 906 ## - LOCAL DATA ELEMENT F, LDF (RLIN) | |
| a | 7 |
| b | cbc |
| c | oclcrpl |
| d | u |
| e | ncip |
| f | 19 |
| g | y-gencatlg |
| 942 ## - ADDED ENTRY ELEMENTS (KOHA) | |
| Source of classification or shelving scheme | Library of Congress Classification |
| Koha item type | Monograph ( Printed materials) |
| Withdrawn status | Lost status | Source of classification or shelving scheme | Damaged status | Not for loan | Collection code | Home library | Current library | Shelving location | Date acquired | Total Checkouts | Full call number | Barcode | Date last seen | Price effective from | Koha item type |
|---|---|---|---|---|---|---|---|---|---|---|---|---|---|---|---|
| Library of Congress Classification | Main Collection | ARRUPE LIBRARY | ARRUPE LIBRARY | Main Collection | 14/01/2015 | QC6 .W519 1952a | 46500003321 | 02/07/2019 | 14/01/2015 | Monograph ( Printed materials) |